000 01161nmc a2200409 a 4500
003 AR-BaBNM
005 20251128203429.0
008 027019s1965 ||||||||||||||000 | spa||
040 _cAR-BaBNM
245 1 0 _aHistoria general del trabajo
_bprehistoria y antigüedad. 1
250 _a1ª ed.
260 _aBarcelona
_bGrijalbo
_c1965
300 _a477 p.
_bil., láms.
490 0 _aHistoria general del trabajo
504 _aBibliografía para consultar p. 463-472.
650 4 _aHISTORIA ANTIGUA
650 4 _aEDAD ANTIGUA
650 4 _aEGIPTOLOGIA
650 4 _aHISTORIA EUROPEA
650 4 _aHISTORIA ECONOMICA
650 4 _aCONDICIONES DE TRABAJO
650 4 _aECONOMIA DEL TRABAJO
650 4 _aTRABAJADORES
650 4 _aCLASE BAJA
650 4 _aTRABAJADORES AGRICOLAS
650 4 _aTRABAJADORES MANUALES
650 4 _aHISTORIA DEL TRABAJO
700 1 _aNougier, Louis-René
700 1 _aSauneron, Serge
700 1 _aGarelli, Paul
700 1 _aBourriot, Félix
700 1 _aRemondon, Roger
800 1 _aParias, Louis-Henri
_edirector
800 1 _aAymard, André
_ecolaborador
942 _cBK
998 _cmariana
999 _c3360
_d3360